[Event "36th Rilton Cup"]
[Site "Stockholm SWE"]
[Date "2006.12.31"]
[Round "5.12"]
[White "Blomqvist, Erik"]
[Black "Howell, David"]
[Result "0-1"]
[WhiteElo "2314"]
[BlackElo "2471"]
[EventDate "2006.12.27"]
[PlyCount "98"]

1.Nf3 g6 2.c4 Bg7 3.Nc3 d6 4.d4 Bg4 5.Bg5 c6 6.e3 Qa5 7.Bh4 Nh6 8.Be2 Nf5 
9.Bg3 e5 10.O-O O-O 11.dxe5 dxe5 12.Qc2 h5 13.h3 Nxg3 14.fxg3 Bf5 15.e4 
Be6 16.Kh2 Qd8 17.Rad1 Qe7 18.Nh4 Na6 19.Nf5 Qc7 20.Qc1 f6 21.Nh4 Kh7 22.
Qe3 Bh6 23.Qf3 Kg7 24.a3 Rad8 25.b4 Rxd1 26.Rxd1 Rd8 27.Rf1 Qf7 28.Qf2 Bd2
29.Nd5 Bg5 30.Nf3 Bh6 31.b5 Nb8 32.Nb4 Bxc4 33.Bxc4 Qxc4 34.Nxe5 Qe6 35.
Qxa7 Qxe5 36.bxc6 Qc7 37.Qxb7 Qxb7 38.cxb7 Rd7 39.Nd5 f5 40.exf5 Rxd5 41.
fxg6 Rb5 42.Rf7+ Kxg6 43.Re7 Bf8 44.Re8 Nd7 45.a4 Rxb7 46.Re4 Nf6 47.Rd4 
Bc5 48.Rc4 Bd6 49.Rd4 Be5 0-1

[Event "36th Rilton Cup"]
[Site "Stockholm SWE"]
[Date "2006.12.31"]
[Round "5.13"]
[White "Akesson, Ralf"]
[Black "Hamark, Jesper"]
[Result "1-0"]
[WhiteElo "2582"]
[BlackElo "2369"]
[EventDate "2006.12.27"]
[PlyCount "41"]

1.d4 b6 2.e4 Bb7 3.Bd3 Nf6 4.Qe2 Nc6 5.c3 e5 6.Nf3 exd4 7.O-O dxc3 8.Nxc3 
d6 9.Bb5 Nd7 10.e5 Be7 11.Qe4 Na5 12.Qg4 g6 13.exd6 cxd6 14.Re1 f5 15.Qa4 
a6 16.Bxd7+ Qxd7 17.Rxe7+ Kxe7 18.Bg5+ Ke8 19.Re1+ Be4 20.Qd4 Kf7 21.Ne5+ 
1-0

[Event "36th Rilton Cup"]
[Site "Stockholm SWE"]
[Date "2006.12.31"]
[Round "5.14"]
[White "Rouhani, Arash"]
[Black "Ernst, Thomas"]
[WhiteElo "1935"]
[Result "0-1"]
[BlackElo "2508"]
[EventDate "2006.12.27"]
[PlyCount "80"]

1.e4 c5 2.Nf3 d6 3.c3 Nf6 4.Be2 Nc6 5.d4 cxd4 6.cxd4 Nxe4 7.d5 Qa5+ 8.Nc3 
Nxc3 9.bxc3 Ne5 10.Nxe5 Qxc3+ 11.Bd2 Qxe5 12.O-O Qxd5 13.Bf3 Qb5 14.Rb1 
Qd7 15.Qb3 e6 16.Rfc1 Be7 17.Bxb7 Bxb7 18.Qxb7 Qxb7 19.Rxb7 Bf6 20.Bb4 Be5
21.Rcc7 O-O 22.Rxa7 Rxa7 23.Rxa7 Rc8 24.Kf1 g5 25.a4 Rc2 26.Rb7 Ra2 27.a5 
d5 28.g3 g4 29.Be1 Kg7 30.Rb3 Kg6 31.Rb4 h5 32.Rb3 f6 33.Rb7 Kf5 34.Rh7 d4
35.Rxh5+ Ke4 36.Rh4 Kf3 37.Rh7 d3 38.Rd7 Ke4 39.Rg7 Ra1 40.Kg2 Rxe1 0-1

[Event "36th Rilton Cup"]
[Site "Stockholm SWE"]
[Date "2006.12.31"]
[Round "5.15"]
[White "Berczes, David"]
[Black "Smith, Axel"]
[Result "1-0"]
[WhiteElo "2415"]
[BlackElo "2319"]
[EventDate "2006.12.27"]
[PlyCount "63"]

1.d4 d5 2.c4 c6 3.Nc3 Nf6 4.e3 a6 5.Nf3 Bf5 6.Qb3 Ra7 7.Bd2 e6 8.Nh4 Bg6 
9.Nxg6 hxg6 10.a4 Nbd7 11.g3 Bd6 12.Bg2 g5 13.O-O Ng4 14.cxd5 cxd5 15.e4 
Nxh2 16.Rfe1 Qf6 17.Nxd5 Qh6 18.e5 Bb8 19.Rac1 O-O 20.Ne7+ Kh8 21.Re4 Qh5 
22.Bxg5 Ng4 23.Bh4 Ngxe5 24.dxe5 Nxe5 25.Qd1 Qxd1+ 26.Rxd1 b5 27.Bg5 Ng6 
28.Nxg6+ fxg6 29.axb5 axb5 30.Bh3 Ra4 31.b4 Ba7 32.Rh4+ 1-0

[Event "36th Rilton Cup"]
[Site "Stockholm SWE"]
[Date "2006.12.31"]
[Round "5.16"]
[White "Berczes, Csaba"]
[Black "Hultin, Per"]
[Result "1-0"]
[WhiteElo "2414"]
[BlackElo "2153"]
[EventDate "2006.12.27"]
[PlyCount "61"]

1.e4 c5 2.Nf3 Nc6 3.d4 cxd4 4.Nxd4 Nf6 5.Nc3 e5 6.Ndb5 d6 7.Bg5 a6 8.Na3 
b5 9.Bxf6 gxf6 10.Nd5 f5 11.Bd3 Be6 12.Qh5 Rg8 13.O-O f4 14.h3 Ra7 15.c3 
Rg6 16.Nc2 Rh6 17.Qd1 Qg5 18.Kh2 f6 19.Rh1 Rg7 20.Bf1 Bg4 21.Qxg4 Qxg4 22.
Nxf6+ Kf7 23.Nxg4 Rxg4 24.Be2 Rg7 25.a4 bxa4 26.Rxa4 Ne7 27.Rxa6 Ng6 28.
Rha1 Nh4 29.g3 f3 30.Bc4+ Kf6 31.Ne3 1-0

[Event "36th Rilton Cup"]
[Site "Stockholm SWE"]
[Date "2006.12.31"]
[Round "5.17"]
[White "Janse, Love"]
[Black "Gagarin, Vasily"]
[Result "0-1"]
[WhiteElo "2259"]
[BlackElo "2447"]
[EventDate "2006.12.27"]
[PlyCount "52"]

1.e4 c5 2.f4 d5 3.exd5 Nf6 4.Bb5+ Bd7 5.Bxd7+ Qxd7 6.c4 e6 7.Qe2 Bd6 8.d3 
O-O 9.dxe6 fxe6 10.Nf3 Nc6 11.O-O Rae8 12.Nc3 e5 13.f5 Nd4 14.Qd1 e4 15.
Nxd4 cxd4 16.Nxe4 Nxe4 17.dxe4 Rxe4 18.f6 Rxf6 19.Rxf6 gxf6 20.Bd2 Qe6 21.
Qf1 Qe5 22.g3 Re2 23.Bf4 Qh5 24.h4 Bc5 25.Re1 d3+ 26.Kh1 Qe8 0-1

[Event "36th Rilton Cup"]
[Site "Stockholm SWE"]
[Date "2006.12.31"]
[Round "5.18"]
[White "Leer-Salvesen, Bjarte"]
[Black "Andersson, Fredrik"]
[Result "0-1"]
[WhiteElo "2389"]
[BlackElo "2344"]
[EventDate "2006.12.27"]
[PlyCount "70"]

1.c4 c5 2.g3 Nc6 3.Bg2 g6 4.Nc3 Bg7 5.Nf3 e5 6.d3 Nge7 7.Nd2 d6 8.Nf1 O-O 
9.Ne3 Rb8 10.O-O Be6 11.Rb1 a6 12.a4 Nb4 13.Ned5 Nexd5 14.cxd5 Bd7 15.f4 
f5 16.e4 b5 17.axb5 axb5 18.exf5 Bxf5 19.Ne4 c4 20.dxc4 bxc4 21.g4 Qb6+ 
22.Kh1 Bxe4 23.Bxe4 Qd4 24.Qe2 exf4 25.Bd2 Nxd5 26.Bc3 Nxc3 27.bxc3 Qxc3 
28.Rbc1 Qh3 29.Bg2 Qh4 30.Qxc4+ Kh8 31.h3 f3 32.Bxf3 Qxh3+ 33.Kg1 Rxf3 34.
Qc8+ Rxc8 35.Rxc8+ Rf8 0-1

[Event "36th Rilton Cup"]
[Site "Stockholm SWE"]
[Date "2006.12.31"]
[Round "5.19"]
[White "Flindt, Thomas"]
[Black "Furhoff, Johan"]
[Result "0-1"]
[WhiteElo "2170"]
[BlackElo "2430"]
[EventDate "2006.12.27"]
[PlyCount "74"]

1.e4 e5 2.Nf3 Nc6 3.Bc4 Nf6 4.d3 Bc5 5.Nc3 d6 6.h3 Na5 7.Nd5 Nxc4 8.Nxf6+ 
Qxf6 9.dxc4 Qg6 10.Qd3 Qxg2 11.Rh2 Qg6 12.Kf1 f5 13.Nh4 Qh5 14.Nxf5 Bxf5 
15.exf5 O-O 16.Rg2 Rxf5 17.b4 e4 18.Qxe4 Qd1+ 19.Qe1 Qxe1+ 20.Kxe1 Re8+ 
21.Be3 Bxe3 22.fxe3 Rxe3+ 23.Kd2 Rxh3 24.Re1 Re5 25.Rf1 Re4 26.Rgf2 h5 27.
Rf8+ Kh7 28.R8f7 Rd4+ 29.Ke2 Re4+ 30.Kd1 Rh2 31.Rxc7 Rd4+ 32.Ke1 Rxc2 33.
Rxb7 Re4+ 34.Kd1 Rxa2 35.Rf5 Rh4 36.Rbf7 Rh1+ 37.Rf1 Rhh2 0-1

[Event "36th Rilton Cup"]
[Site "Stockholm SWE"]
[Date "2006.12.31"]
[Round "5.20"]
[White "Hansen, Evgenia"]
[Black "Tikkanen, Hans"]
[Result "0-1"]
[WhiteElo "2173"]
[BlackElo "2402"]
[EventDate "2006.12.27"]
[PlyCount "62"]

1.g3 d5 2.Bg2 e5 3.c4 d4 4.d3 Nf6 5.a3 a5 6.Bg5 Be7 7.Bxf6 Bxf6 8.Nd2 a4 
9.b4 axb3 10.Qxb3 Nd7 11.Ngf3 O-O 12.O-O Nc5 13.Qb5 b6 14.Ne1 Ra5 15.Qb2 
Bg4 16.Ne4 Na4 17.Qc2 Be7 18.h3 Bd7 19.g4 Nc5 20.Qb2 h5 21.gxh5 Ne6 22.Ng3
Nf4 23.Kh2 Qc8 24.e3 Nxg2 25.Nxg2 Bxh3 26.Rg1 Bg4 27.exd4 exd4 28.Nf4 Bd6 
29.Nd5 c6 30.Nxb6 Rxh5+ 31.Kg2 Bh3+ 0-1

[Event "36th Rilton Cup"]
[Site "Stockholm SWE"]
[Date "2006.12.31"]
[Round "5.21"]
[White "Bryn, Thomas"]
[Black "Sammalvuo, Niina"]
[Result "0-1"]
[WhiteElo "2007"]
[BlackElo "2259"]
[EventDate "2006.12.27"]
[PlyCount "88"]

1.e4 e5 2.Nf3 Nc6 3.Bb5 a6 4.Ba4 Nf6 5.O-O Be7 6.Re1 b5 7.Bb3 d6 8.c3 O-O 
9.h3 Nb8 10.d4 Nbd7 11.Nbd2 Bb7 12.Bc2 Re8 13.Nf1 Bf8 14.Ng3 g6 15.a4 c5 
16.d5 c4 17.Bg5 h6 18.Be3 Nc5 19.Qd2 h5 20.Bg5 Be7 21.Ra3 Nh7 22.Be3 Bf6 
23.Rea1 Rb8 24.axb5 axb5 25.Ra7 Bc8 26.Nh2 Rb7 27.Ra8 Qd7 28.Ne2 Qe7 29.g4
Ng5 30.Bxc5 dxc5 31.Kg2 hxg4 32.hxg4 Kg7 33.f3 Rh8 34.Nf1 Qd6 35.R1a6 Rb6 
36.Rxb6 Qxb6 37.Kf2 Qb7 38.Ra5 Bd8 39.Ra2 Nh3+ 40.Ke1 Bg5 41.Qd1 Qe7 42.
Qa1 Bh4+ 43.Kd1 Qg5 44.Nd2 Qe3 0-1

[Event "36th Rilton Cup"]
[Site "Stockholm SWE"]
[Date "2006.12.31"]
[Round "5.22"]
[White "Barkhudarian, Rafael"]
[Black "Grandelius, Nils"]
[Result "1-0"]
[WhiteElo "2259"]
[BlackElo "2308"]
[EventDate "2006.12.27"]
[PlyCount "77"]

1.e4 e5 2.Nf3 Nc6 3.Bb5 Nf6 4.Bxc6 dxc6 5.d3 Bd6 6.Nbd2 Be6 7.b3 Nd7 8.Bb2
Qe7 9.a3 f6 10.Nf1 g6 11.Ne3 O-O-O 12.Qd2 Kb8 13.b4 f5 14.c4 c5 15.b5 Rhf8
16.Qc2 fxe4 17.dxe4 Rf4 18.O-O-O Rdf8 19.h4 h6 20.Rd2 Bg8 21.Rhd1 b6 22.h5
Nf6 23.hxg6 Nxe4 24.Nd5 Qe8 25.Re2 Bxd5 26.Rxd5 Nf6 27.g7 Rg8 28.Nxe5 Kb7 
29.Rxd6 cxd6 30.Ng4 Re4 31.Rxe4 Qxe4 32.Qxe4+ Nxe4 33.Nxh6 Rxg7 34.Bxg7 
Nxf2 35.Nf5 Kc7 36.Bf8 Ne4 37.g4 Kd7 38.Kc2 Ke6 39.Nxd6 1-0

[Event "36th Rilton Cup"]
[Site "Stockholm SWE"]
[Date "2006.12.31"]
[Round "5.23"]
[White "Ostling, Hakan"]
[Black "Lindberg, Henrik"]
[Result "1/2-1/2"]
[WhiteElo "2070"]
[BlackElo "2295"]
[EventDate "2006.12.27"]
[PlyCount "85"]

1.Nf3 c5 2.b3 d5 3.Bb2 f6 4.e3 e5 5.d4 cxd4 6.exd4 e4 7.Nfd2 f5 8.c4 Nf6 
9.Nc3 Be6 10.cxd5 Nxd5 11.Bb5+ Nc6 12.Nxd5 Bxd5 13.O-O Be7 14.Nc4 a6 15.
Bxc6+ bxc6 16.Ba3 Bxa3 17.Nxa3 O-O 18.Nc4 f4 19.Ne5 Qd6 20.Rc1 f3 21.Rc3 
Rf6 22.gxf3 exf3 23.Kh1 Rh6 24.Qc1 Qe6 25.Rg1 Qh3 26.Ng4 Rg6 27.Ne3 Rh6 
28.Ng4 Rg6 29.Ne3 Re8 30.Rxg6 hxg6 31.Qg1 Re4 32.Qg3 Qxg3 33.hxg3 Rxd4 34.
Nxd5 cxd5 35.Rxf3 Rd2 36.a3 d4 37.Kg2 g5 38.g4 Rc2 39.Rd3 Rc3 40.Rxd4 Rxb3
41.Ra4 Rb6 42.Ra5 Rg6 43.Kf3 1/2-1/2

[Event "36th Rilton Cup"]
[Site "Stockholm SWE"]
[Date "2006.12.31"]
[Round "5.24"]
[White "Agrest, Inna"]
[Black "Agafonovs, Jurijs"]
[Result "1-0"]
[WhiteElo "2023"]
[BlackElo "2221"]
[EventDate "2006.12.27"]
[PlyCount "67"]

1.e4 d5 2.exd5 Nf6 3.d4 Nxd5 4.Nf3 Bg4 5.Be2 e6 6.c4 Nb6 7.Be3 Be7 8.Nc3 
O-O 9.b3 N8d7 10.O-O c5 11.d5 Bf6 12.Rc1 Bxc3 13.Rxc3 e5 14.Ng5 Bxe2 15.
Qxe2 Nc8 16.f4 Qe7 17.f5 Nd6 18.f6 Nxf6 19.Bxc5 h6 20.Bxd6 Qxd6 21.Ne4 
Nxe4 22.Qxe4 f5 23.Rxf5 Rxf5 24.Qxf5 Rf8 25.Qe4 Rf4 26.Qe3 b6 27.Rc1 e4 
28.b4 g5 29.a3 h5 30.g3 Rg4 31.Rd1 h4 32.Kg2 hxg3 33.hxg3 Qe5 34.d6 1-0

[Event "36th Rilton Cup"]
[Site "Stockholm SWE"]
[Date "2006.12.31"]
[Round "5.25"]
[White "Netzer, Jean"]
[Black "Engman, Rickard"]
[Result "1-0"]
[WhiteElo "2404"]
[BlackElo "2199"]
[EventDate "2006.12.27"]
[PlyCount "103"]

1.e4 e5 2.Nf3 Nc6 3.Bb5 a6 4.Bxc6 dxc6 5.O-O Bg4 6.h3 h5 7.d3 Qf6 8.Nbd2 
Ne7 9.Nc4 Bxf3 10.Qxf3 Qxf3 11.gxf3 Ng6 12.Rd1 O-O-O 13.Kf1 Be7 14.Ke2 c5 
15.a3 b6 16.Be3 a5 17.Rg1 Rhe8 18.Nd2 Kb7 19.Nf1 Bf6 20.Rb1 Rd7 21.Ng3 Rh8
22.Rgd1 h4 23.Nf1 Rh5 24.Nd2 Bg5 25.Rg1 Bh6 26.Nc4 Nf8 27.b4 cxb4 28.axb4 
axb4 29.Rxb4 Ne6 30.Rb5 Bf4 31.c3 g6 32.Rg4 Kc6 33.Rb2 Rd8 34.d4 Bxe3 35.
fxe3 exd4 36.exd4 Kd7 37.Ke3 g5 38.Rb5 f6 39.Rf5 Ke7 40.e5 Rh6 41.Nd2 c5 
42.exf6+ Rxf6 43.Re5 cxd4+ 44.cxd4 Kf8 45.Ne4 Rh6 46.d5 Nf4 47.Rf5+ Ke7 
48.Rfxg5 Nxh3 49.Rg7+ Ke8 50.Kd4 Rd7 51.Rg8+ Ke7 52.Ke5 1-0

[Event "36th Rilton Cup"]
[Site "Stockholm SWE"]
[Date "2007.01.02"]
[Round "6.1"]
[White "Gleizerov, Evgeny"]
[Black "Kotronias, Vassilios"]
[Result "0-1"]
[WhiteElo "2560"]
[BlackElo "2699"]
[EventDate "2006.12.27"]
[PlyCount "70"]

1.d4 Nf6 2.c4 g6 3.Nc3 Bg7 4.e4 d6 5.Nf3 O-O 6.Be2 e5 7.O-O Nc6 8.d5 Ne7 
9.Nd2 a5 10.a3 Nd7 11.Rb1 f5 12.b4 Kh8 13.Qc2 Ng8 14.exf5 gxf5 15.f4 Ne7 
16.Nf3 axb4 17.axb4 e4 18.Ng5 Nf6 19.Qb3 c6 20.Be3 h6 21.Nh3 cxd5 22.Nxd5 
Nfxd5 23.cxd5 Bd7 24.Qd1 Ra3 25.Bd4 Rg8 26.Kh1 Qf8 27.Bc4 Ba4 28.Qd2 Bxd4 
29.Qxd4+ Qg7 30.Qxg7+ Kxg7 31.b5 Rc3 32.Rb4 Rxc4 33.Rxc4 Bxb5 34.Rfc1 Bxc4
35.Rxc4 Rc8 0-1

[Event "36th Rilton Cup"]
[Site "Stockholm SWE"]
[Date "2007.01.02"]
[Round "6.2"]
[White "Ulybin, Mikhail"]
[Black "Nyback, Tomi"]
[Result "1/2-1/2"]
[WhiteElo "2506"]
[BlackElo "2606"]
[EventDate "2006.12.27"]
[PlyCount "82"]

1.d4 Nf6 2.c4 e6 3.Nc3 Bb4 4.f3 d5 5.a3 Bxc3+ 6.bxc3 c5 7.cxd5 Nxd5 8.dxc5
Qa5 9.e4 Nf6 10.Be3 O-O 11.Qb3 Nfd7 12.Qb4 Qc7 13.Bb5 Nc6 14.Qa4 Na5 15.
Rd1 Nxc5 16.Bxc5 Qxc5 17.Qxa5 a6 18.c4 Rb8 19.Ne2 axb5 20.cxb5 e5 21.Rd5 
Qe7 22.Qb4 Qh4+ 23.Ng3 Be6 24.Rc5 Rbc8 25.O-O Qf4 26.Qc3 Rxc5 27.Qxc5 Rc8 
28.Qb6 Qd2 29.Nf5 Rc1 30.Ne3 h6 31.Rxc1 Qxc1+ 32.Kf2 Qb2+ 33.Kg3 Qxa3 34.
h3 Qb4 35.Nd5 Bxd5 36.Qd8+ Kh7 37.Qxd5 Qe7 38.Kf2 Kg6 39.b6 Kf6 40.Ke2 g6 
41.h4 Qb4 1/2-1/2

[Event "36th Rilton Cup"]
[Site "Stockholm SWE"]
[Date "2007.01.02"]
[Round "6.3"]
[White "Rozentalis, Eduardas"]
[Black "Fontaine, Robert"]
[Result "1/2-1/2"]
[WhiteElo "2591"]
[BlackElo "2557"]
[EventDate "2006.12.27"]
[PlyCount "93"]

1.e4 e5 2.Nc3 Nf6 3.g3 Nc6 4.Bg2 Bc5 5.Nge2 d6 6.Na4 Be6 7.c3 Bxf2+ 8.Kxf2
b5 9.Rf1 bxa4 10.Qxa4 Bd7 11.Qc2 Qb8 12.Qb3 Qxb3 13.axb3 O-O 14.d3 a5 15.
Bg5 Rfb8 16.Ra3 Be6 17.Nc1 Ra7 18.Kg1 Rab7 19.d4 Bxb3 20.d5 Nd8 21.Bxf6 
gxf6 22.Rxf6 Bc4 23.Ra4 Kg7 24.Rf2 Bb3 25.Rxa5 Rb6 26.Ra3 Bc4 27.b4 c6 28.
dxc6 Rxc6 29.Nb3 Bxb3 30.Rxb3 Rbc8 31.Rf3 Ra8 32.Bf1 Ne6 33.h4 Ra2 34.Rf2 
Ra1 35.Rd2 Rc1 36.Rd3 Ra6 37.Rb2 Ra3 38.b5 Nc5 39.Re3 Na4 40.Rd2 Raxc3 41.
Rxc3 Nxc3 42.Rb2 Nxe4 43.b6 Rc8 44.Bg2 d5 45.Bxe4 dxe4 46.g4 f6 47.b7 
1/2-1/2

[Event "36th Rilton Cup"]
[Site "Stockholm SWE"]
[Date "2007.01.02"]
[Round "6.4"]
[White "Berg, Emanuel"]
[Black "Akesson, Ralf"]
[Result "1-0"]
[WhiteElo "2667"]
[BlackElo "2582"]
[EventDate "2006.12.27"]
[PlyCount "59"]

1.e4 c5 2.Nf3 Nc6 3.d4 cxd4 4.Nxd4 e6 5.Nc3 a6 6.Be2 d6 7.O-O Nf6 8.Kh1 
Be7 9.f4 O-O 10.Be3 Bd7 11.Nb3 b5 12.a3 Na5 13.Nxa5 Qxa5 14.e5 Ne8 15.f5 
Qc7 16.fxe6 Bxe6 17.Nd5 Bxd5 18.Qxd5 Rc8 19.e6 Nf6 20.exf7+ Rxf7 21.Qe6 
Rf8 22.Bd3 Bd8 23.a4 Re8 24.Qh3 Re5 25.axb5 axb5 26.Ra7 Qc6 27.Rxf6 gxf6 
28.Bxh7+ Kf8 29.Qh6+ Ke8 30.Bg6 1-0

[Event "36th Rilton Cup"]
[Site "Stockholm SWE"]
[Date "2007.01.02"]
[Round "6.5"]
[White "Hansen, Lars Bo"]
[Black "Berczes, Csaba"]
[Result "1-0"]
[WhiteElo "2575"]
[BlackElo "2414"]
[EventDate "2006.12.27"]
[PlyCount "113"]

1.d4 Nf6 2.Nf3 e6 3.c4 Bb4+ 4.Bd2 Qe7 5.g3 Nc6 6.Nc3 Bxc3 7.Bxc3 Ne4 8.Rc1
O-O 9.Bg2 a5 10.O-O Nxc3 11.Rxc3 d6 12.d5 Nb4 13.a3 Na6 14.dxe6 fxe6 15.
Nd4 c6 16.Re3 Bd7 17.f4 Rae8 18.Nf3 Bc8 19.Qc2 Qc7 20.Ng5 g6 21.Kh1 e5 22.
Qc3 a4 23.fxe5 Rxf1+ 24.Bxf1 Rxe5 25.Rxe5 dxe5 26.c5 Qe7 27.Ne4 Bf5 28.Nd6
b5 29.Qa5 Nxc5 30.Nxf5 gxf5 31.Qa8+ Kf7 32.Qxc6 Qb7 33.Bg2 Qxc6 34.Bxc6 
Ke6 35.Kg2 Kd6 36.Bxb5 Kd5 37.Kf3 Kd4 38.e3+ Kd5 39.Ke2 h6 40.Bd3 Ke6 41.
Bc2 Kf6 42.Kd2 Kg5 43.h3 h5 44.Kc3 e4 45.Kb4 Na6+ 46.Kc4 h4 47.gxh4+ Kxh4 
48.Bxa4 Kxh3 49.Bd7 Kg4 50.b4 Nb8 51.Bb5 f4 52.exf4 Kxf4 53.Kd5 Ke3 54.Kd6
Kd4 55.Kc7 Kc3 56.Kxb8 Kb3 57.Bf1 1-0

[Event "36th Rilton Cup"]
[Site "Stockholm SWE"]
[Date "2007.01.02"]
[Round "6.6"]
[White "Hillarp Persson, Tiger"]
[Black "Berczes, David"]
[Result "0-1"]
[WhiteElo "2600"]
[BlackElo "2415"]
[EventDate "2006.12.27"]
[PlyCount "78"]

1.d4 Nf6 2.c4 e6 3.Nc3 Bb4 4.f3 d5 5.a3 Bxc3+ 6.bxc3 c5 7.cxd5 exd5 8.e3 
Qc7 9.Ne2 O-O 10.g4 Re8 11.g5 Nh5 12.Kf2 Bf5 13.dxc5 Nd7 14.Nd4 Bg6 15.Bb5
Nxc5 16.Bxe8 Rxe8 17.Bd2 Nd3+ 18.Kf1 Re5 19.f4 Re4 20.f5 Qc8 21.Qe2 Bxf5 
22.Qxd3 Rf4+ 23.exf4 Bxd3+ 24.Kf2 Be4 25.h3 f6 26.Rh2 fxg5 27.Rg1 Nxf4 28.
Rg3 h6 29.h4 Nh5 30.hxg5 Nxg3 31.Kxg3 hxg5 32.Rf2 Qc7+ 33.Kg4 Kh7 34.Kh3 
Kg6 35.Rf1 Qd7+ 36.Kg3 Qd6+ 37.Kf2 Qh2+ 38.Ke1 Bd3 39.Nf3 Qe2# 0-1

[Event "36th Rilton Cup"]
[Site "Stockholm SWE"]
[Date "2007.01.02"]
[Round "6.7"]
[White "Howell, David"]
[Black "Cicak, Slavko"]
[Result "1-0"]
[WhiteElo "2471"]
[BlackElo "2545"]
[EventDate "2006.12.27"]
[PlyCount "121"]

1.e4 g6 2.d4 Bg7 3.Nc3 c6 4.f4 Qb6 5.Nf3 d5 6.e5 Bg4 7.Be2 Nh6 8.Na4 Qa5+ 
9.c3 Nd7 10.O-O b5 11.Nc5 Nxc5 12.b4 Qa4 13.bxc5 Qxd1 14.Rxd1 Kd7 15.a4 a6
16.h3 Bf5 17.Rd2 Kc7 18.g4 Bd7 19.Rda2 Kb7 20.Kf2 f6 21.Kg3 Nf7 22.Bd3 
fxe5 23.fxe5 Nd8 24.Ng5 h6 25.e6 Be8 26.Nf3 Nxe6 27.axb5 cxb5 28.Re2 Nc7 
29.Rxe7 Bf6 30.Re2 g5 31.Ne5 Rg8 32.Ba3 a5 33.Rf1 Bxe5+ 34.Rxe5 Bg6 35.c6+
Ka6 36.Be2 Rae8 37.Be7 a4 38.Rf6 Rxe7 39.Rxe7 Kb6 40.Bf3 Be8 41.Re5 Rg6 
42.Rxg6 Bxg6 43.Bxd5 Bb1 44.Bf7 Kxc6 45.Re1 Bd3 46.Kf3 Kd6 47.Ke3 Bh7 48.
Kd2 Kd7 49.Kc1 Bd3 50.Kb2 Kd6 51.Ka3 Kc6 52.h4 gxh4 53.Rh1 Be2 54.Rxh4 Kd7
55.Ba2 Bf3 56.Kb4 Be2 57.Ka5 Ne8 58.Rxh6 Bxg4 59.Kxb5 Bd1 60.Rh1 Bc2 61.
Rc1 1-0

[Event "36th Rilton Cup"]
[Site "Stockholm SWE"]
[Date "2007.01.02"]
[Round "6.8"]
[White "Ernst, Thomas"]
[Black "Cramling, Pia"]
[Result "0-1"]
[WhiteElo "2508"]
[BlackElo "2583"]
[EventDate "2006.12.27"]
[PlyCount "92"]

1.e4 c5 2.Nf3 e6 3.c3 Nf6 4.e5 Nd5 5.d4 cxd4 6.cxd4 d6 7.Nc3 Nxc3 8.bxc3 
Qc7 9.Bd2 Nd7 10.exd6 Bxd6 11.Bd3 b6 12.O-O Bb7 13.Re1 O-O 14.h3 Bf4 15.
Ne5 Bxd2 16.Qxd2 Nxe5 17.Rxe5 Rac8 18.Rc1 Rfd8 19.Ree1 Qd6 20.Be4 Bxe4 21.
Rxe4 Rc4 22.Re3 b5 23.Rd3 h6 24.Rd1 a6 25.Qe2 Qc6 26.Qd2 Rd5 27.Kh1 Rg5 
28.Rf3 Qc7 29.Kg1 a5 30.Kh1 Rd5 31.Rd3 Qd6 32.Kg1 Ra4 33.Re1 Rg5 34.Re2 
Qc6 35.Rg3 Rxg3 36.fxg3 Ra3 37.d5 exd5 38.Re5 Rxc3 39.Qxd5 Qxd5 40.Rxd5 
Rxg3 41.Rxb5 Ra3 42.Rb2 Kh7 43.Kh2 g5 44.g4 Kg6 45.Kg2 f6 46.Rc2 h5 0-1

[Event "36th Rilton Cup"]
[Site "Stockholm SWE"]
[Date "2007.01.02"]
[Round "6.9"]
[White "Lindberg, Bengt"]
[Black "Brynell, Stellan"]
[Result "1-0"]
[WhiteElo "2484"]
[BlackElo "2624"]
[EventDate "2006.12.27"]
[PlyCount "87"]

1.e4 e5 2.Nf3 Nc6 3.Bb5 a6 4.Ba4 Nf6 5.O-O Be7 6.Re1 b5 7.Bb3 d6 8.c3 O-O 
9.h3 Na5 10.Bc2 c5 11.d4 Nd7 12.Nbd2 exd4 13.cxd4 Nc6 14.d5 Nce5 15.a4 Rb8
16.axb5 axb5 17.Nxe5 Nxe5 18.f4 Ng6 19.Nf3 Bh4 20.Nxh4 Qxh4 21.f5 Ne5 22.
Rf1 Bd7 23.Bf4 Qe7 24.Ra7 Ra8 25.Qa1 Rxa7 26.Qxa7 Rd8 27.Ra1 Kf8 28.b3 f6 
29.Qb6 Be8 30.Ra7 Rd7 31.Ra8 Rb7 32.Qa6 Qc7 33.Bxe5 fxe5 34.Bd1 Ke7 35.Kh2
h6 36.Bg4 Qb6 37.Qa1 c4 38.bxc4 bxc4 39.Rc8 Ra7 40.Qe1 Kf8 41.Bh5 Re7 42.
f6 gxf6 43.Qf1 Kg7 44.Bxe8 1-0

[Event "36th Rilton Cup"]
[Site "Stockholm SWE"]
[Date "2007.01.02"]
[Round "6.10"]
[White "Bindrich, Falko"]
[Black "Tikkanen, Hans"]
[Result "1/2-1/2"]
[WhiteElo "2482"]
[BlackElo "2402"]
[EventDate "2006.12.27"]
[PlyCount "85"]

1.d4 d5 2.Nf3 c6 3.c4 e6 4.e3 Bd6 5.Bd3 f5 6.O-O Nf6 7.b3 Qe7 8.a4 a5 9.
Ba3 Na6 10.Bxd6 Qxd6 11.Na3 Nb4 12.Nc2 Nxd3 13.Qxd3 b6 14.Rfc1 Ba6 15.Na3 
O-O 16.Qc2 Ne4 17.cxd5 cxd5 18.Nb5 Bxb5 19.axb5 f4 20.Qc6 fxe3 21.fxe3 Qe7
22.Rf1 Rab8 23.Rac1 Kh8 24.Ne5 Nd2 25.Rxf8+ Rxf8 26.Nd7 Qg5 27.Nxf8 Qxe3+ 
28.Kh1 Ne4 29.h3 Nf2+ 30.Kh2 Ng4+ 31.hxg4 Qh6+ 32.Kg1 Qe3+ 33.Kf1 Qd3+ 34.
Kf2 Qd2+ 35.Kg3 Qe3+ 36.Kh2 Qh6+ 37.Kg1 Qe3+ 38.Kf1 Qd3+ 39.Kf2 Qd2+ 40.
Kf3 Qd3+ 41.Kf4 Qe4+ 42.Kg3 Qe3+ 43.Kh2 1/2-1/2

[Event "36th Rilton Cup"]
[Site "Stockholm SWE"]
[Date "2007.01.02"]
[Round "6.11"]
[White "Sammalvuo, Niina"]
[Black "Karlsson, Lars"]
[Result "0-1"]
[WhiteElo "2259"]
[BlackElo "2531"]
[EventDate "2006.12.27"]
[PlyCount "72"]

1.e4 c5 2.Nf3 Nc6 3.d4 cxd4 4.Nxd4 Nf6 5.Nc3 g6 6.Be2 Bg7 7.O-O O-O 8.Nb3 
d6 9.Be3 Be6 10.f4 Qc8 11.Kh1 Rd8 12.Bg1 d5 13.e5 Ne4 14.Bd3 f5 15.exf6 
exf6 16.Nb5 f5 17.c3 Bf7 18.a4 b6 19.Qc2 Qb7 20.Rad1 a6 21.N5d4 Na5 22.
Nxa5 bxa5 23.Nf3 Rdb8 24.Rb1 Qb3 25.Qxb3 Rxb3 26.Rfe1 Rab8 27.Ne5 Rxb2 28.
Nc6 Rxb1 29.Rxb1 Rxb1 30.Bxb1 Nxc3 31.Bd3 Nxa4 32.Nxa5 Bc3 33.Nc6 a5 34.
Bb5 Nb2 35.Nd8 d4 36.Nxf7 Kxf7 0-1

[Event "36th Rilton Cup"]
[Site "Stockholm SWE"]
[Date "2007.01.02"]
[Round "6.13"]
[White "Gagarin, Vasily"]
[Black "Andersson, Fredrik"]
[Result "1-0"]
[WhiteElo "2447"]
[BlackElo "2344"]
[EventDate "2006.12.27"]
[PlyCount "109"]

1.d4 d5 2.c4 dxc4 3.Nf3 Nf6 4.e3 e6 5.Bxc4 c5 6.O-O a6 7.a4 Nc6 8.Qe2 Qc7 
9.Rd1 Bd6 10.dxc5 Bxc5 11.b3 O-O 12.Bb2 e5 13.Nc3 e4 14.Ng5 Bg4 15.Nd5 
Bxe2 16.Nxc7 Bxd1 17.Nxa8 Bc2 18.Nc7 Nb4 19.Rc1 h6 20.Nxf7 Rxf7 21.Bxf6 
gxf6 22.Nd5 b5 23.axb5 axb5 24.Nxf6+ Kf8 25.Bxf7 Kxf7 26.Nxe4 Be7 27.Nc3 
Bd3 28.f3 Ke6 29.Kf2 Bc5 30.Ra1 Nc2 31.Ra6+ Kf7 32.Nd5 h5 33.Rc6 Ba3 34.
Nf4 Nb4 35.Rb6 Bc2 36.Rxb5 Bxb3 37.Rxh5 Nc2 38.Rb5 Bc4 39.Rb7+ Kg8 40.Rc7 
Bb3 41.Nd3 Bd6 42.Rc3 Na1 43.Nc5 Bf7 44.f4 Bg6 45.g4 Be7 46.f5 Bf6 47.Rc1 
Bf7 48.g5 Bb2 49.Rb1 Be5 50.Nd3 Ba2 51.Rc1 Bh8 52.Rc8+ Kh7 53.g6+ Kg7 54.
Nf4 Bb1 55.Nh5+ 1-0

[Event "36th Rilton Cup"]
[Site "Stockholm SWE"]
[Date "2007.01.02"]
[Round "6.14"]
[White "Furhoff, Johan"]
[Black "Agrest, Inna"]
[Result "1-0"]
[WhiteElo "2430"]
[BlackElo "2023"]
[EventDate "2006.12.27"]
[PlyCount "91"]

1.e4 e5 2.Nf3 Nc6 3.Bc4 Nf6 4.d3 h6 5.c3 d6 6.Nbd2 g6 7.Bb3 Bg7 8.Nf1 O-O 
9.h3 Nh5 10.Ne3 Nf4 11.h4 Qf6 12.h5 g5 13.Nh2 Qd8 14.g3 Ne6 15.Nhg4 Ne7 
16.Bc2 c6 17.d4 Kh8 18.Nf5 Ng8 19.Be3 f6 20.dxe5 dxe5 21.Bb3 Qc7 22.Qf3 c5
23.Bd5 Rb8 24.O-O b6 25.Rfd1 Rd8 26.Nfxh6 Nxh6 27.Nxh6 Bxh6 28.Bxe6 Qe7 
29.Rxd8+ Qxd8 30.Rd1 Qe7 31.Bxc8 Rxc8 32.Rd5 Rd8 33.c4 Bf8 34.Qf5 Rxd5 35.
exd5 Kg8 36.Kg2 Qf7 37.g4 Qe7 38.Kf3 Qf7 39.Ke4 Qe7 40.Qe6+ Qxe6 41.dxe6 
Kg7 42.Kd5 Be7 43.Kc6 f5 44.gxf5 Bf6 45.Kd7 Kf8 46.h6 1-0

[Event "36th Rilton Cup"]
[Site "Stockholm SWE"]
[Date "2007.01.02"]
[Round "6.15"]
[White "Jansson, Anders Owen"]
[Black "Netzer, Jean"]
[Result "0-1"]
[WhiteElo "2159"]
[BlackElo "2404"]
[EventDate "2006.12.27"]
[PlyCount "98"]

1.Nf3 d5 2.d4 Nf6 3.c4 e6 4.Nc3 dxc4 5.e3 a6 6.a4 c5 7.Bxc4 Nc6 8.O-O Be7 
9.dxc5 O-O 10.Qe2 Bxc5 11.Rd1 Qc7 12.Bd2 Bd7 13.Rac1 Rac8 14.h3 Ne5 15.Ba2
Nxf3+ 16.Qxf3 Bc6 17.Qe2 Qe5 18.Bb1 Rfd8 19.Kh1 Qg5 20.e4 Qh4 21.Be1 Nh5 
22.Qg4 Qxg4 23.hxg4 Nf6 24.f3 Be3 25.Rxd8+ Rxd8 26.Rd1 Rxd1 27.Nxd1 Bd4 
28.b3 Nd7 29.Bf2 Bxf2 30.Nxf2 Nc5 31.Bc2 a5 32.Nd3 Nxd3 33.Bxd3 e5 34.Kg1 
f6 35.Kf2 Kf7 36.Bc4+ Ke7 37.Ke3 Kd6 38.Kd3 Kc5 39.Kc3 b5 40.axb5 Bxb5 41.
Bxb5 Kxb5 42.Kd3 Kb4 43.Kc2 Ka3 44.Kc3 h6 45.Kc2 Ka2 46.Kc3 Kb1 47.Kc4 Kc2
48.g3 g5 49.b4 a4 0-1